Maailman valtiot - Vaikea - Statistics

Yleistilastot
  • Tätä visaa on pelattu 236 kertaa
  • Keskiarvotulos 142 / 196
Vastaustilastot
% Oikein
Suomi
92%
Ruotsi
90%
Norja
86%
Kiina
85%
Venäjä
85%
Algeria
83%
Etelä-Afrikka
83%
Etelä-Korea
83%
Islanti
82%
Pohjois-Korea
82%
Yhdysvallat
82%
Japani
81%
Kanada
81%
Latvia
81%
Liettua
81%
Ranska
81%
Tanska
81%
Afganistan
80%
Australia
80%
Intia
80%
Saksa
80%
Viro
80%
Angola
79%
Egypti
79%
Valko-Venäjä
79%
Alankomaat
78%
Argentiina
78%
Brasilia
78%
Irak
78%
Iran
78%
Israel
78%
Slovakia
78%
Espanja
77%
Irlanti
77%
Kongon demokraattinen tasavalta
77%
Kongon tasavalta
77%
Meksiko
77%
Slovenia
77%
Andorra
76%
Belgia
76%
Indonesia
76%
Jemen
76%
Kenia
76%
Luxemburg
76%
Monaco
76%
Pakistan
76%
Portugali
76%
Puola
76%
Thaimaa
76%
Uusi-Seelanti
76%
Yhdistynyt kuningaskunta
76%
Albania
75%
Eritrea
75%
Guinea
75%
Kreikka
75%
Libya
75%
Marokko
75%
Mongolia
75%
Norsunluurannikko
75%
Armenia
74%
Azerbaidžan
74%
Etelä-Sudan
74%
Kypros
74%
Madagaskar
74%
Malta
74%
Niger
74%
Oman
74%
Singapore
74%
Togo
74%
Vatikaanivaltio
74%
Vietnam
74%
Bangladesh
73%
Bolivia
73%
Ghana
73%
Jordania
73%
Kirgisia
73%
Mali
73%
Nauru
73%
Nepal
73%
Nigeria
73%
Somalia
73%
Sudan
73%
Tšekki
73%
Ukraina
73%
Uzbekistan
73%
Bhutan
72%
Chile
72%
Fidži
72%
Georgia
72%
Guinea-Bissau
72%
Italia
72%
Laos
72%
Liberia
72%
Moldova
72%
Ruanda
72%
Saudi-Arabia
72%
Sri Lanka
72%
Swazimaa
72%
Syyria
72%
Tadžikistan
72%
Uganda
72%
Uruguay
72%
Bosnia ja Hertsegovina
71%
Etiopia
71%
Gambia
71%
Kazakstan
71%
Kolumbia
71%
Kuuba
71%
Kuwait
71%
Mauritius
71%
Panama
71%
Qatar
71%
Serbia
71%
Tansania
71%
Turkmenistan
71%
Tuvalu
71%
Venezuela
71%
Zimbabwe
71%
Benin
70%
Botswana
70%
Bulgaria
70%
Gabon
70%
Jamaika
70%
Kap Verde
70%
Kosovo
70%
Kroatia
70%
Lesotho
70%
Libanon
70%
Liechtenstein
70%
Mauritania
70%
Myanmar
70%
Peru
70%
Pohjois-Makedonia
70%
Saint Kitts ja Nevis
70%
San Marino
70%
Seychellit
70%
Taiwan
70%
Tšad
70%
Turkki
70%
Unkari
70%
Antigua ja Barbuda
69%
Bahama
69%
Ecuador
69%
Itävalta
69%
Keski-Afrikan tasavalta
69%
Komorit
69%
Marshallinsaaret
69%
Mikronesia
69%
Montenegro
69%
Namibia
69%
Palau
69%
Romania
69%
Saint Lucia
69%
Salomonsaaret
69%
Sambia
69%
Senegal
69%
Suriname
69%
Tunisia
69%
Yhdistyneet arabiemiirikunnat
69%
Bahrain
68%
Burundi
68%
Djibouti
68%
Haiti
68%
Malesia
68%
Päiväntasaajan Guinea
68%
Paraguay
68%
Sveitsi
68%
Tonga
68%
Belize
67%
Brunei
67%
Guyana
67%
Honduras
67%
Malediivit
67%
Saint Vincent ja Grenadiinit
67%
Vanuatu
67%
Burkina Faso
66%
Costa Rica
66%
Dominica
66%
Dominikaaninen tasavalta
66%
El Salvador
66%
Guatemala
66%
Itä-Timor
66%
Kambodža
66%
Kiribati
66%
Mosambik
66%
São Tomé ja Príncipe
66%
Filippiinit
65%
Kamerun
65%
Nicaragua
65%
Samoa
65%
Sierra Leone
65%
Papua-Uusi-Guinea
64%
Trinidad ja Tobago
64%
Barbados
63%
Malawi
63%
Grenada
58%
Ehtoja vastaavia visoja ei löytynyt
Tulosjakauma
Jokaisen tuloksen saaneiden osuus
Persentiili vastausten määrän mukaan
Tuloshistoriasi
Et ole pelannut tätä visaa